Anne around the world: L. M. Montgomery and her classic

Guardat en:
Dades bibliogràfiques
Autors principals: Ledwell, Jane (Autor), Mitchell, Jean (Autor)
Format: Llibre
Idioma:anglès
Publicat: Montreal McGill Queen´s University Press 2013
Edició:1a. ed
Col·lecció:Rincón Canadá
Matèries:
Etiquetes: Afegir etiqueta
Sense etiquetes, Sigues el primer a etiquetar aquest registre!

MARC

LEADER 00000cam a2200000 a 4500
001 UCE3658
003 CL-VaPUC
008 140911e20130000cn |||||||||||||||||eng|d
020 |a 9780773541399 
020 |a 9780773541405 
082 0 4 |a C813  |b LED  |2 21 
100 0 |a Ledwell, Jane  |e author  |9 576117 
700 0 |a Mitchell, Jean  |e author  |9 576118 
245 1 0 |a Anne around the world: L. M. Montgomery and her classic 
250 |a 1a. ed 
300 |a 302 p 
942 |c BK 
945 |d 20140911 14:25:00  |a arojas 
260 |a Montreal  |b McGill Queen´s University Press  |c 2013 
650 0 |a Novelas canadienses  |9 261026 
650 0 |a Literatura canadiense  |9 342826 
583 |a last modification  |c 20140911 14:25:00  |k Rodrigo Vera 
490 0 |a Rincón Canadá 
999 |c 356845  |d 356843 
952 |0 0  |1 0  |3 erb  |4 0  |6 C_813_000000000000000_LED_2013  |7 0  |8 A  |9 464602  |a BIBEDU  |b BIBEDU  |i 5114020  |o C813 LED 2013  |p 5114020  |r 2019-11-23  |w 2019-11-23  |y BK  |z Catalogado en:20140911  |k LIT